Spain | The 12 Treasures of Spain - Statistics

General Stats
  • This quiz has been taken 5 times
  • The average score is 4 of 12
Answer Stats
# Treasure % Correct
4 Alhambra
100%
1 Mosque–Cathedral of Córdoba
80%
10 Sagrada Família
80%
8 Cathedral of Santiago de Compostela
40%
6 Teide National Park
40%
11 Beach of La Concha
20%
5 Basilica of Our Lady of the Pillar
0%
2 Cave of Altamira
0%
9 City of Arts and Sciences
0%
12 Guggenheim Museum Bilbao
0%
7 Roman Theatre of Mérida
0%
3 Seville Cathedral
0%
No matching quizzes found
Score Distribution
Percent of People with Each Score
Percentile by Number Answered
Your Score History
You have not taken this quiz